| 000 | 00810nas a2200265 4500 | ||
|---|---|---|---|
| 001 | BR0405428 | ||
| 003 | BR-BrBNA | ||
| 005 | 20231205104953.0 | ||
| 007 | ta | ||
| 008 | 230509b bl.|||p| |||| 00| 00por d | ||
| 040 |
_aBR-BrBNA _bpor _cBiblioteca Nacional de Agricultura |
||
| 041 | _a(Pt) | ||
| 072 | _aH20 | ||
| 100 | 1 | _aAlmeida, I.M.G. | |
| 100 | 1 | _aMalavolta Júnior, V.A. | |
| 245 | 1 | _aMurcha bacteriana em oxális causada por Ralstonia solanacearum | |
| 650 | _aPLANTA ORNAMENTAL | ||
| 650 | _aMURCHA BACTERIANA | ||
| 650 | _aDOENÇA DE PLANTA | ||
| 650 | _aBACTÉRIA | ||
| 650 | _aSÃO PAULO | ||
| 773 | 0 |
_tRevista Brasileira de Horticultura Ornamental (Brazil) _xISSN 1414-039X _g(2003), v. 9(2) p. 179-181 _wBR0405428 |
|
| 909 |
_a202311 _bLúcia _c55 _dLúcia Elande |
||
| 942 |
_2AGRIS _n0 _cANA |
||
| 999 |
_c180557 _d180557 |
||